000 00285nam a22001337a 4500
008 170814b xxu||||| |||| 00| 0 eng d
020 _a9780618503001
041 _aeng
080 _28 ED
_a51
100 _a36
101 _aMAT
245 _aCALCULUS
_cHOSTETLER,L
942 _2udc
_cBK
999 _c23298
_d23298